Nickelodeon shows - Statistics

General Stats
  • This quiz has been taken 306 times
    292 since last reset
  • The average score is 7 of 23
Answer Stats
Hint Answer % Correct
Yellow frycook who lives in a pineapple Spongebob Squarepants
92%
Three Friends with a web show iCarly
69%
Two Brothers with evil little sister Drake and Josh
60%
Six friends who attend an acting school in Hollywood Victorious
59%
Two friends who run a babysitting service Sam and Cat
49%
Four ninjas who love pizza try to conquer evil as a team Teenage Mutant Ninja Turtles
45%
Babies who have wild adventures Rugrats
42%
Ten year old boy with fairies The Fairly OddParents!
40%
Weird Teenager who becomes a Superhero's Sidekick Henry Danger
36%
Quadruplets who go crazy about which one is better Nicky, Ricky, Dicky, & Dawn
36%
Two pairs of twins and their parents have superpowers The Thundermans
33%
Show where a teenage girl attends an academy Zoey 101
33%
Teenage boy who is secretly a ghost Danny Phantom
28%
Four birds from a zoo work together to defeat evil Penguins of Madagascar
24%
Kid with two friends who writes a guide to survive 7th Grade Ned's Declassified School Survival Guide
23%
Ducks who have a job of delivering bread Breadwinners
16%
Show where two annoying kids pretend their superheroes Fanboy and Chum Chum
11%
Wimpy kid with slimy friend Sanjay and Craig
7%
A family of Ghosts-Boys and Zombies-Girls Haunted Hathaways
6%
Pet related agents work to fight evil T.U.F.F Puppy
6%
Ninja animals train to become warriors Kung Fu Panda Legends of awesomeness
5%
An annoying eleven year old girl goes to a girl scout camp The Mighty B!
5%
Show where Famous Stars host Wacky mini shows AwesomenessTV
4%
No matching quizzes found
Score Distribution
Percent of People with Each Score
Percentile by Number Answered
Your Score History
You have not taken this quiz since the last reset